| 000 | 00586nam a2200205 a 4500 | ||
|---|---|---|---|
| 001 | 23729 | ||
| 003 | CO-ViMGA | ||
| 008 | 141112s2004 ck r 000 u spa d | ||
| 020 | _a9789583023552 | ||
| 040 |
_aCO-ViMGA _bspa _cCO-ViMGA |
||
| 082 | 0 | 4 | _aJOLg |
| 100 | 1 |
_aJolibois, Christian _934317 |
|
| 245 | 1 | 0 |
_aLa gallinita que queria ver el mar / _cChristian Jolibois |
| 260 |
_aColombia : _bpanAméricana |
||
| 300 | _a56p. | ||
| 490 | _aBolsillo juventud | ||
| 650 | 1 | 4 |
_a2 : GALLINAS - CUENTOS INFANTILES _934318 |
| 650 | 1 | 4 |
_aCUENTOS INFANTILES FRANCESES _97840 |
| 942 |
_2ddc _cBK |
||
| 999 |
_c31822 _d31822 |
||